000 00964nam a2200289 i 4500
003 DO-SdBNP
005 20250305091203.0
007 ta
008 250305b2001 dr ||||| |||| 00| 0 spa d
040 _aDO-SdBNP
_bspa
_cBNPHU
_erda
082 4 _a651.3
_bC569re
_222
245 0 0 _a100 reglas de oro para profesores y profesoras excelentes /
_crecopilación, Héctor Rodríguez
246 _aCien reglas de oro para profesores y profesoras excelentes
264 4 _aSanto Domingo :
_bFundación Metropolitana, Inc.,
_c©2001.
300 _a113 páginas :
_c26 cm.
336 _atexto
_btxt
_2rdacontent
337 _asin mediación
_bn
_2rdamedia
338 _avolumen
_bnc
_2rdacarrier
504 _aBibliografía : páginas 109-113
590 _aInventariado, 2025/BT
650 4 _aPrácticas de oficina
_946124
650 _982034
700 1 _aRodríguez, Héctor,
_erecopilación
_912028
700 _982036
_4pr.
910 _aBtavárez
942 _2ddc
_cLBS1
999 _c58309
_d58309